000 01214cam a2200289 a 4500
001 16190969
003 MCNVHGJF
005 20220326193251.0
008 100401s2007 cr 000 0 spa
010 _a 2010385289
020 _a9789968963671
035 _a(NcChVT)VT119CR274
040 _aDLC
_cDLC
050 0 0 _aPQ7486
_b.S67 2007
082 _a861.08
_bS716s
245 0 0 _aSostener la palabra :
_bantología de poesía costarricense contemporánea /
_cAdriano Corrales Arias, compilador.
250 _a1a ed.
260 _aSan José :
_bArboleda Ediciones,
_c2007.
300 _a322 p. ;
_c22 cm.
520 _aAn anthology of the verse of sixty-seven leading Costa Rican poets active during the past thirty years, including Alfonso Chase, Mía Gallegos, Helio Gallardo, Erick Gil Salas, Ana Istarú, Carlos Cortés, Adriano Corrales, Luis Chacón, and María Montero.
650 0 _aCosta Rican poetry
_y20th century.
_9597
650 0 _aCosta Rican poetry
_y21st century.
_9598
690 _aPoesia
_xLiteratura
_xpoesia moderna
_zCosta Rica
700 1 _aCorrales Arias, Adriano,
_d1958-
_9595
906 _a7
_bcbc
_corigres
_d3
_encip
_f20
_gy-gencatlg
999 _c119
_d119